00825cam a22002411 450000100060000000300080000600500170001400800390003103500190007003500190008904000390010804100080014708200220015510000240017724500480020124600290024926000420027830000200032050000740034094200120041499900170042695201400044317666BD-RjUL20211209000156.0010217s1961 enk 000 0 eng a(BD-RjUL)17724 a(OCoLC)2998853 aDLCcNcGUdOCoLCdUkdWUdDLCbeng aeng a821.914bSIR 19611 aSilkin, Jon.95445814aThe re-ordering of the stones /cJOHN SIKIN3 aReordering of the stones a[London] :bChatto and Windus,c1961. a56 p. ;c23 cm. aDistributors: [Label on cover] Chester Springs, Pa., Dufour Editions. 2ddccBK c17666d17666 00102ddc40718FICaRUCLbRUCLcReadingd1964-04-10eZeitlingerg12.60l0o821.914 SIR 1961r2014-02-17 00:00:00tC-1w2014-02-17yBK